Marketing territorial aplicado al mercado de consumo en la ciudad de Santa Fe (Argentina). (Registro nro. 17622)
[ vista simple ]
| 000 -LEADER | |
|---|---|
| fixed length control field | 00428 a2200121 4500 |
| 001 - CONTROL NUMBER | |
| control field | ART_2684 |
| 005 - DATE AND TIME OF LATEST TRANSACTION | |
| control field | 20260410161728.0 |
| 008 - FIXED-LENGTH DATA ELEMENTS--GENERAL INFORMATION | |
| fixed length control field | 260409a |
| 100 1# - MAIN ENTRY--PERSONAL NAME | |
| Personal name | Kosiak de Gesualdo, Graciela |
| 245 10 - TITLE STATEMENT | |
| Title | Marketing territorial aplicado al mercado de consumo en la ciudad de Santa Fe (Argentina). |
| 700 1# - ADDED ENTRY--PERSONAL NAME | |
| Personal name | Modesto, María Florencia |
| 773 0# - HOST ITEM ENTRY | |
| Title | Ciencias económicas |
| Related parts | - Año 4, Vol. 1 (ago. 2006) |
| Record control number | REV2567 |
No hay ítems disponibles.